Every Track WEC Has Raced At - Statistics

General Stats
  • This quiz has been taken 520 times
    508 since last reset
  • The average score is 15 of 17
Answer Stats
Year(s) Active Country Answer % Correct
2017, 2021-2023 ITA Autodromo Nazionale di Monza
98%
2012-Present BEL Circuit de Spa-Francorchamps
97%
2012-Present FRA Circuit de la Sarthe
95%
2024 ITA Imola Circuit
95%
2012-2019 GBR Silverstone Circuit
94%
2012-2017, 2019-Present BHR Bahrain International Circuit
92%
2012-2019, 2022-Present JPN Fuji Speedway
92%
2019 ESP Circuit de Barcelona-Catalunya
89%
2013-2017, 2020, 2024 USA Circuit of the Americas
89%
2015-2017 DEU Nurburgring
88%
2012-2019 CHN Shanghai International Circuit
86%
2012-2014, 2024 BRA Autodromo Jose Carlos Pace
85%
2013-2016, 2018 FRA Circuit Paul Ricard
81%
2024 QAT Losail International Circuit
79%
2012, 2019, 2022-2023 USA Sebring International Raceway
79%
2021, 2023 PRT Algarve International Circuit
77%
2016-2017 MEX Autodromo Hermanos Rodriguez
64%
No matching quizzes found
Score Distribution
Percent of People with Each Score
Percentile by Number Answered
Your Score History
You have not taken this quiz since the last reset